| 000 | 00810nam a2200253 i 4500 | ||
|---|---|---|---|
| 003 | URS | ||
| 005 | 20230817142246.0 | ||
| 008 | 160604s2007 ph ||||| |||| 00| 0 eng d | ||
| 040 | _cURS | ||
| 050 | 1 | 4 |
_aLB15 _b.R254 2007 |
| 100 | 1 |
_aRivera, Maximiano M. _eauthor |
|
| 245 | 1 | 0 |
_aPractical guide to thesis and dissertation writing / _cMaximiano M. Rivera, Jr., Roela Victoria Rivera. |
| 250 | _aRev. ed. | ||
| 264 | 1 |
_aQuezon City : _bKatha Pub., _c2007. |
|
| 300 |
_axiii, 140 pages : _billustrations ; _c20 cm |
||
| 336 |
_atext _btxt _2rdacontent |
||
| 337 |
_aunmediated _bn _2rdamedia |
||
| 338 |
_avolume _bnc _2rdacarrier |
||
| 650 | 0 | _aDissertation, Academic. | |
| 650 | 0 | _aAcademic writing. | |
| 650 | 0 |
_aResearch _xMethodology. |
|
| 700 | 1 |
_aRivera, Roela Victoria. _eauthor |
|
| 942 |
_2lcc _cF |
||
| 999 |
_c72719 _d72718 |
||